000 00278nam a2200121Ia 4500
008 190216s9999||||xx |||||||||||||| ||und||
100 _aJhingan M L
245 0 _aMacro Economic Theory
260 _bKonark Pub Pvt
_c1986
300 _a698 pag
650 _aEconomics
942 _cBK
999 _c9861
_d9861